00314nam a2200109 a 450000500170000000800410001705000220005810000190008024500530009926000380015265000140019020140414132103.0100726s19uu xx 00 eng d aM 372.6bP58 2004 aPicthall, Chez aMy world alphabet:bexploring letters and words. aUk :bPicthall &Gunzi Ltd,c2004. aWord book